Introducción a la Contabilidad Gerencial (Registro nro. 1392)

Detalles MARC
000 -LEADER
fixed length control field 01545 a2200205 4500
001 - CONTROL NUMBER
control field 25510
005 - DATE AND TIME OF LATEST TRANSACTION
control field 20260407155539.0
008 - FIXED-LENGTH DATA ELEMENTS--GENERAL INFORMATION
fixed length control field 260407a1979 arg spa d
003 - CONTROL NUMBER IDENTIFIER
control field AR-UNSa-BCEJYS
040 ## - CATALOGING SOURCE
Original cataloging agency AR-UNSa-BCEJYS
Language of cataloging spa
Transcribing agency AR-UNSa-BCEJYS
080 ## - UNIVERSAL DECIMAL CLASSIFICATION NUMBER
Universal Decimal Classification number 657.05
Common auxiliary subdivision Contabilidad de gestión (Contabilidad gerencial, control de gestión...)
100 1# - MAIN ENTRY--PERSONAL NAME
Personal name Herrscher, Enrique G.
245 10 - TITLE STATEMENT
Title Introducción a la Contabilidad Gerencial
Name of part/section of a work la información empresaria para planeamiento, gestión y control
264 #1 - PRODUCTION, PUBLICATION, DISTRIBUTION, MANUFACTURE, AND COPYRIGHT NOTICE
Place of production, publication, distribution, manufacture Buenos Aires :
Name of producer, publisher, distributor, manufacturer Ediciones Macchi
Date of production, publication, distribution, manufacture, or copyright notice 1979
300 ## - PHYSICAL DESCRIPTION
Extent 333 p.
Dimensions 23 cm.
505 ## - FORMATTED CONTENTS NOTE
Formatted contents note Parte I : 1. La contabilidad gerencial como actitud profesional - 2. Desde la teneduría de libroes hasta la contabilidad gerencial - 3. Contabilidad, contabilidad patrimonial y contabilidad gerencial - 4. La empresa, la contabilidad y sus ramas patrimonial/gerencial : ensayo de un modelo - 5. Contabilidad gerencial: citas y comentarios biográficos - Parte II : 1. La contabilidad gerencial en países en desarrollo - 2. Planeamiento a corto plazo.Su formulación en moneda constante en un contexto inflacionario - 3. Planeamiento a largo plazo.Su aplicabilidad a empresas medianas - 4. Proyectos de inversión y de desinversión.Su inserción dentro del planeamiento empresario - 5. La contabilidad gerencial al servicio de la empresa.
590 ## - LOCAL NOTE (RLIN)
Local note niveau_biblio:m niveau_hierar:0
856 41 - ELECTRONIC LOCATION AND ACCESS
Uniform Resource Identifier <a href="https://biblioeco.unsa.edu.ar/pmb/images/libros/Contabilidad Grencial (Enrique G. Herrscher).jpg">https://biblioeco.unsa.edu.ar/pmb/images/libros/Contabilidad Grencial (Enrique G. Herrscher).jpg</a>
Link text Imagen de portada
Electronic format type image/jpeg
942 ## - ADDED ENTRY ELEMENTS (KOHA)
Koha item type
Existencias
Withdrawn status Lost status Damaged status Not for loan Home library Current library Shelving location Date acquired Total checkouts Full call number Barcode Date last seen Price effective from Koha item type
        Biblioteca Prof. Eusebio Cleto del Rey Biblioteca Prof. Eusebio Cleto del Rey   07/04/2026   657.05 H564o L33310 07/04/2026 07/04/2026 Libro
        Biblioteca Prof. Eusebio Cleto del Rey Biblioteca Prof. Eusebio Cleto del Rey   07/04/2026   657.05 H564o L35882 07/04/2026 07/04/2026 Libro
        Biblioteca Prof. Eusebio Cleto del Rey Biblioteca Prof. Eusebio Cleto del Rey   07/04/2026   657.05 H564o L45222 07/04/2026 07/04/2026 Libro
        Biblioteca Prof. Eusebio Cleto del Rey Biblioteca Prof. Eusebio Cleto del Rey   07/04/2026   657.05 H564o L35881 07/04/2026 07/04/2026 Libro
        Biblioteca Prof. Eusebio Cleto del Rey Biblioteca Prof. Eusebio Cleto del Rey   07/04/2026   657.05 H564o L45221 07/04/2026 07/04/2026 Libro